000 00511 a2200181 4500
003 OSt
005 20240119102654.0
008 240119b |||||||| |||| 00| 0 eng d
020 _a9788182719705
040 _coclc
082 _a297
_bMOU/M
100 _aMoulavi, Ilyas
_91872
245 _aMayyith Samskarana Murakal /
_cIlyas Moulavi
250 _a2nd ed.
260 _aKozhikode:
_bIslamic Publishing House,
_c2021.
300 _a72p.
942 _2ddc
_cBK
_h297
_iMOU/M
_k297
_mMOU/M
999 _c43262
_d43262